Security Analysis and Portfolio Management (Record no. 1747)

MARC details
000 -LEADER
fixed length control field 00455nam a22001697a 4500
005 - DATE AND TIME OF LATEST TRANSACTION
control field 20180305144724.0
008 - FIXED-LENGTH DATA ELEMENTS--GENERAL INFORMATION
fixed length control field 160525b xxu||||| |||| 00| 0 eng d
020 ## - INTERNATIONAL STANDARD BOOK NUMBER
ISBN 978-81-7758-811-8
041 ## - LANGUAGE CODE
Language code of text/sound track or separate title eng
082 ## - DEWEY DECIMAL CLASSIFICATION NUMBER
Item number 4990
Classification number 332.6
100 ## - MAIN ENTRY--AUTHOR NAME
Personal name Fischar, Donald E & Jordan, ronald j.
245 ## - TITLE STATEMENT
Title Security Analysis and Portfolio Management
260 ## - PUBLICATION, DISTRIBUTION, ETC. (IMPRINT)
Place of publication New Delhi
Name of publisher Academic Faundation
300 ## - PHYSICAL DESCRIPTION
Number of Pages 696
650 ## - SUBJECT ADDED ENTRY--TOPICAL TERM
Topical Term Management
942 ## - ADDED ENTRY ELEMENTS (KOHA)
Koha item type Books
Holdings
Lost status Damaged status Home library Shelving location Date acquired Full call number Accession Number Koha item type Collection code Current library
    JRU Library SHELF - 10 - B 25/05/2016 332.6 4990 Books    
    JRU Library SHELF-28-A 25/05/2016 332.6 4991 Books Reference  
    JRU Library SHELF-32-D 25/05/2016 332.6 4992 Books MANAGEMENT JRU Library
    JRU Library SHELF-32-D 25/05/2016 332.6 4993 Books MANAGEMENT JRU Library